FUNDAMENTAL OF PHARMACOGNOSY & PHYTOTHERAPY (Record no. 26449)

MARC details
000 -LEADER
fixed length control field 00398nam a22001697a 4500
003 - CONTROL NUMBER IDENTIFIER
control field SGT
020 ## - INTERNATIONAL STANDARD BOOK NUMBER
International Standard Book Number 9780323834346
082 ## - DEWEY DECIMAL CLASSIFICATION NUMBER
Classification number 615.32
Item number F24H
100 ## - MAIN ENTRY--PERSONAL NAME
Personal name HEINRICH,MICHEAL
245 ## - TITLE STATEMENT
Title FUNDAMENTAL OF PHARMACOGNOSY & PHYTOTHERAPY
250 ## - EDITION STATEMENT
Edition statement 4TH
260 ## - PUBLICATION, DISTRIBUTION, ETC. (IMPRINT)
Place of publication, distribution, etc USA
Name of publisher, distributor, etc ELSEVIER
Year of Publication 2024
300 ## - PAGE DESCRIPTION
No. of Pages 272
650 ## - SUBJECT ADDED ENTRY--TOPICAL TERM
Topical term or geographic name as entry element PHARMACOGNOSY
653 ## - KEYWORDS--INDEX TERM
Keyword term PHARMACOGNOSY , PHYTOTHERAPY
942 ## - ADDED ENTRY ELEMENTS (KOHA)
Source of classification or shelving scheme Dewey Decimal Classification
Koha item type Books
Holdings
Withdrawn status Lost status Source of classification or shelving scheme Damaged status Use restrictions Not for loan Collection code Home library Current library Shelving location Date acquired Vendor Name Cost, normal purchase price SGTU Bill Number Full call number Accession No. (Barcode) Date last seen Bill Date Koha item type
    Dewey Decimal Classification   Restricted Access   PHARMACY SGT FA-FP Library SGT FA-FP Library Reference Book 30/05/2024 AHUJA PUBLICATION 5190.00 SGTU 18906 615.32 F24H FP4829 30/05/2024 08/05/2024 Books
    Dewey Decimal Classification   Restricted Access   PHARMACY SGT FA-FP Library SGT FA-FP Library Reference Book 30/05/2024 AHUJA PUBLICATION 5190.00 SGTU 18906 615.32 F24H FP4830 30/05/2024 08/05/2024 Books